000
00259nam a2200097Ia 4500
001
1206876
005
20251013111209.0
008
250824s9999 xx 000 0 und d
245
0
_a
DERT ETME ALLAH BİLİYOR
_c
BİLAL CİVELEK
260
_b
YEDİVEREN YAYINLARI
999
_c
1206876
_d
1206876